000 nam a22 4500
999 _c9143
_d9143
008 180412b ||||| |||| 00| 0 eng d
245 _aA college for IPs.
260 _aDavao City
_bSun Star Davao
_cc2016
300 _apage 11.
650 0 _927327
_aNative peoples.
942 _2ddc
_cPER